Smashing Pumpkins Albums Tile Select - Statistics

General Stats
  • This quiz has been taken 62 times
  • The average score is 36 of 45
Answer Stats
Question Tile Select % Correct
the following songs that are on Siamese Dream (1993). Cherub Rock Yes
96%
the following songs that are on Mellon Collie and the Infinite Sadness (1995). Daphne Descends No
96%
the following songs that are on Siamese Dream (1993). Jellybelly No
96%
the following songs that are on Mellon Collie and the Infinite Sadness (1995). Tonight, Tonight Yes
96%
the following songs that are on Mellon Collie and the Infinite Sadness (1995). 1979 Yes
94%
the following songs that are on Siamese Dream (1993). Bury Me No
94%
the following songs that are on Siamese Dream (1993). Thirty-Three No
94%
the following songs that are on Mellon Collie and the Infinite Sadness (1995). Bullet with Butterfly Wings Yes
93%
the following songs that are on Siamese Dream (1993). Disarm Yes
93%
the following songs that are on Mellon Collie and the Infinite Sadness (1995). Soma No
93%
the following songs that are on Siamese Dream (1993). Window Paine No
93%
the following songs that are on Mellon Collie and the Infinite Sadness (1995). Zero Yes
93%
the following songs that are on Siamese Dream (1993). Today Yes
91%
the following songs that are on Gish (1991). Mayonaise No
89%
the following songs that are on Gish (1991). Blue No
87%
the following songs that are on Siamese Dream (1993). Rocket Yes
85%
the following songs that are on Machina/The Machines of God (2000). The Everlasting Gaze Yes
85%
the following songs that are on Gish (1991). Bye June No
83%
the following songs that are on Adore (1998). Heavy Metal Machine No
83%
the following songs that are on Siamese Dream (1993). Luna Yes
83%
the following songs that are on Gish (1991). Rhinoceros Yes
83%
the following songs that are on Gish (1991). Siva Yes
83%
the following songs that are on Gish (1991). Spaceboy No
83%
the following songs that are on Gish (1991). I Am One Yes
81%
the following songs that are on Adore (1998). Muzzle No
81%
the following songs that are on Adore (1998). Perfect Yes
81%
the following songs that are on Adore (1998). X.Y.U. No
81%
the following songs that are on Mellon Collie and the Infinite Sadness (1995). Galapogos Yes
76%
the following songs that are on Mellon Collie and the Infinite Sadness (1995). Here Is No Why Yes
76%
the following songs that are on Adore (1998). Pug Yes
76%
the following songs that are on Machina/The Machines of God (2000). Shame No
76%
the following songs that are on Machina/The Machines of God (2000). Stand Inside Your Love Yes
74%
the following songs that are on Machina/The Machines of God (2000). Blank Page No
72%
the following songs that are on Gish (1991). Crush Yes
72%
the following songs that are on Adore (1998). Where Boys Fear to Tread No
72%
the following songs that are on Machina/The Machines of God (2000). Try, Try, Try Yes
69%
the following songs that are on Adore (1998). We Only Come Out at Night No
69%
the following songs that are on Adore (1998). Crestfallen Yes
67%
the following songs that are on Machina/The Machines of God (2000). Doomsday Clock No
67%
the following songs that are on Machina/The Machines of God (2000). Let Me Give the World to You No
65%
the following songs that are on Gish (1991). Tristessa Yes
65%
the following songs that are on Mellon Collie and the Infinite Sadness (1995). Lily (My One and Only) Yes
63%
the following songs that are on Adore (1998). Glass and the Ghost Children No
57%
the following songs that are on Machina/The Machines of God (2000). Age of Innocence Yes
54%
the following songs that are on Machina/The Machines of God (2000). This Time Yes
44%
No matching quizzes found
Score Distribution
Percent of People with Each Score
Percentile by Number Answered
Your Score History
You have not taken this quiz